000 01067nam a2200313 i 4500
001 bg
003 KOSZ 005
005 20211221131951.0
008 020718s1977 pl a f f |001 0 pol
015 _aPB 1978/1655
035 _a(OCoLC)831042895
040 _aWA N
_cKOSZ 005/HR
_dKOSZ 005/HR
080 _a005
080 _a(075.8)
100 1 _aKieżun, Witold
_d(1922-2021)
_eAutor
245 1 0 _aPodstawy organizacji i zarządzania /
_cWitold Kieżun.
260 _aWarszawa :
_b"Książka i Wiedza",
_c1977.
300 _a471, [1] s., [1] k. tabl. :
_bil., tab., wykr. ;
_c22 cm.
380 _aKsiążki.
504 _aBibliogr. Indeks.
546 _aSpis treści ang., ros.
658 _aZarządzanie i marketing
655 4 _aPodręczniki akademickie
650 4 _aOrganizacja
650 4 _aZarządzanie
710 2 _aSpółdzielnia Wydawniczo-Handlowa "Książka i Wiedza"
_4pbl.
856 _uhttp://koha.tu.koszalin.pl/cgi-bin/koha/opac-detail.pl?biblionumber=24699
_yKatalog online BPK
942 _2UKD
_cKS
999 _c24699
_d24699